000 00442nam a2200145Ia 4500
008 100204s9999 xx 000 0 und d
082 _b24149
100 _aप्रभावळकर दिलीप
245 _aहाऊज दॅट
260 _b"श्रीकल्प प्रकाशन, मुंबई"
_c1999
300 _a173
630 _aहाऊज दॅट
730 _aहाऊज दॅट
942 _cBOOK
999 _c469330
_d469327